000 00429nam a2200145Ia 4500
005 20260328101521.0
008 260328s9999||||xx |||||||||||||| ||und||
100 _aRubio Vollert, Rodrigo
245 0 _aCiudades Urgentes :
_b Intervención en áreas Urbanas de crecimiento rápido /
_cRodrigo Rubio Vollert
250 _a1a ed.
260 _bUniversidad de los Andes
300 _a186 p.
650 _aDISEÑO URBANO
942 _cBK
999 _c9593
_d9593